<?xml version="1.0" encoding="UTF-8"?><?xml-stylesheet type="text/xsl" href="static/style.xsl"?><OAI-PMH xmlns="http://www.openarchives.org/OAI/2.0/" xmlns:xsi="http://www.w3.org/2001/XMLSchema-instance" xsi:schemaLocation="http://www.openarchives.org/OAI/2.0/ http://www.openarchives.org/OAI/2.0/OAI-PMH.xsd"><responseDate>2026-04-14T17:31:20Z</responseDate><request verb="GetRecord" identifier="oai:uvadoc.uva.es:10324/36055" metadataPrefix="marc">https://uvadoc.uva.es/oai/request</request><GetRecord><record><header><identifier>oai:uvadoc.uva.es:10324/36055</identifier><datestamp>2021-06-29T23:40:45Z</datestamp><setSpec>com_10324_38</setSpec><setSpec>col_10324_852</setSpec></header><metadata><record xmlns="http://www.loc.gov/MARC21/slim" xmlns:doc="http://www.lyncode.com/xoai" xmlns:xsi="http://www.w3.org/2001/XMLSchema-instance" xmlns:dcterms="http://purl.org/dc/terms/" xsi:schemaLocation="http://www.loc.gov/MARC21/slim http://www.loc.gov/standards/marcxml/schema/MARC21slim.xsd">
<leader>00925njm 22002777a 4500</leader>
<datafield tag="042" ind1=" " ind2=" ">
<subfield code="a">dc</subfield>
</datafield>
<datafield tag="720" ind1=" " ind2=" ">
<subfield code="a">Galán Benito, Pedro</subfield>
<subfield code="e">author</subfield>
</datafield>
<datafield tag="260" ind1=" " ind2=" ">
<subfield code="c">2019</subfield>
</datafield>
<datafield tag="520" ind1=" " ind2=" ">
<subfield code="a">En este Trabajo de Fin de Grado se analizará la importancia del modelo político sobre el cannabis y su vinculación directa con el consumo. Para ello se estudiaran los cuatro posibles escenarios de intervención política así como la situación actual del cannabis en España. Se abordara la hipotética legalización del cannabis en el territorio español, unido al análisis tanto de los factores económicos como sociales que interactúan con dicho cambio legislativo, apoyado todo ello con datos oficiales para esclarecer ciertos aspectos de un tema que genera una gran controversia en la actualidad.&#xd;
Además, se realizará un estudio estadístico basado en un contraste de hipótesis a partir de 24 unidades territoriales, con ello se pretende determinar el grado de correspondencia entre consumo y régimen político.&#xd;
Con posterioridad al estudio de las diferentes opciones político económicas y del apartado estadístico del presente trabajo, se plasmarán unas conclusiones basadas en el desarrollo de los estudios referidos.</subfield>
</datafield>
<datafield tag="024" ind2=" " ind1="8">
<subfield code="a">http://uvadoc.uva.es/handle/10324/36055</subfield>
</datafield>
<datafield tag="245" ind1="0" ind2="0">
<subfield code="a">Métodos de intervención política del cannabis e hipótesis de una posible legalización</subfield>
</datafield>
</record></metadata></record></GetRecord></OAI-PMH>